Louis Tomlinson - Just Like You (All lyrics) - Statistics

General Stats
  • This quiz has been taken 20 times
  • The average score is 230 of 311
Answer Stats
Answer % Correct
I
100%
I'm
100%
just
100%
Just
100%
like
100%
to
100%
you
100%
a
91%
knew
91%
No
91%
the
91%
The
91%
too
91%
when
91%
and
82%
And
82%
do
82%
get
82%
go
82%
it
82%
my
82%
nothing
82%
of
82%
same
82%
Same
82%
same?
82%
shit
82%
talk
82%
where
82%
yours
82%
as
73%
Even
73%
feel
73%
from
73%
in
73%
It's
73%
it's
73%
me
73%
need
73%
problems
73%
sad
73%
somebody
73%
Yeah
73%
you're
73%
be
64%
But
64%
days
64%
down
64%
every
64%
Every
64%
If
64%
left
64%
look
64%
nobody
64%
only
64%
right
64%
stress
64%
though
64%
through
64%
wanna
64%
we
64%
Whole
64%
world
64%
band
55%
beer
55%
cars
55%
'Cause
55%
Cheap
55%
Cigarette
55%
glory
55%
guy
55%
half
55%
hand
55%
okay
55%
one
55%
she
55%
story
55%
these
55%
way
55%
all
45%
can't
45%
Can't
45%
cares
45%
cash
45%
five
45%
had
45%
heart
45%
lay
45%
lays
45%
Pub
45%
sleep
45%
stay
45%
Sunday
45%
tear
45%
that
45%
Twenty
45%
before
36%
boring
36%
breaks
36%
Gonna
36%
here
36%
lunch
36%
morning
36%
party
36%
planned
36%
smoke
36%
stain
36%
till
36%
else
27%
everyone
27%
leaves
27%
Let
27%
Night
27%
Headlines
18%
out
18%
stand
18%
grand
9%
ten
9%
No matching quizzes found
Score Distribution
Percent of People with Each Score
Percentile by Number Answered
Your Score History
You have not taken this quiz